01102 2200337 4500001002100000005001500021035002000036007000300056008004100059020002200100082001600122084001800138100003600156245014600192250004200338300003900380650001600419700003000435700003400465504003300499264003600532336002100568337003000589338002300619040002200642090002200664090002200686850001200708999002200720990002200742INLIS00000000085832420210407021848 a0010-0421000229ta210407s2020 yoia g | ind d a978-623-228-513-204223a006.312 a006.312 NAN p0 aNanang Iriadid1977-ePengarang10aPenerapan data mining dengan rapid miner :bkonsep data maining, data warehouse, metode, model, teknik /cNanang Iriadi, Priatno, Ahmad Ishaq aEdisi pertama; Cetakan pertama - 2020 axii, 126 halaman :btabel ;c24 cm 4aData mining0 aPriatnod1975-ePengarang0 aAhmad Ishaqd1972-ePengarang aBibliografi: halaman 121-12431aYogyakarta :bGraha Ilmu,c2020 2rdacontentateks 2rdamediaatanpa perantara 2rdacarrieravolume aYOPDYOGbinderda aDEP 006.312 NAN p aCB-D.11 2020-1472 aYOPDYOG aCB-D.11/2020-1472 aCB-D.11/2020-1472